The constitutional law of India (Record no. 216237)

MARC details
000 -LEADER
fixed length control field 00392nam a2200157Ia 4500
008 - FIXED-LENGTH DATA ELEMENTS--GENERAL INFORMATION
fixed length control field 230917s9999||||xx |||||||||||||| ||und||
040 ## - CATALOGING SOURCE
-- 81132
Original cataloging agency VIVEKANANDA LIBRARY
041 ## - Language
-- English
082 ## - DDC NUMBER
Classification number 342.54 P192C
100 ## - MAIN ENTRY--PERSONAL NAME
Personal name Pande, G S
245 #4 - TITLE STATEMENT
Title The constitutional law of India
250 ## - EDITION STATEMENT
Edition statement 2nd ed.
260 ## - PUBLICATION, DISTRIBUTION, ETC. (IMPRINT)
Place of publication, distribution, etc Allahabad
Name of publisher, distributor, etc Allahabad Law Agency
Date of publication, distribution, etc 1981
300 ## - PHYSICAL DESCRIPTION
Pages xxii, 440 p.
942 ## - ADDED ENTRY ELEMENTS (KOHA)
Koha item type Books
Holdings
Withdrawn status Lost status Damaged status Not for loan Location (home branch) Sublocation or collection (holding branch) Date acquired Koha issues (times borrowed) Koha full call number Accession No. Koha date last seen Koha item type Source of classification or shelving scheme
        VIVEKANANDA LIBRARY VIVEKANANDA LIBRARY 27/01/2010   342.54 P192C 80357 17/09/2023 Books  
        VIVEKANANDA LIBRARY VIVEKANANDA LIBRARY 27/01/2010 4 342.54 P192C 80359 16/04/2026 Books  
Withdrawn   Damaged   VIVEKANANDA LIBRARY VIVEKANANDA LIBRARY 27/01/2010   342.54 P192C 80360 17/09/2023 Books Dewey Decimal Classification
        VIVEKANANDA LIBRARY VIVEKANANDA LIBRARY 27/01/2010   342.54 P192C 88233 17/09/2023 Books  
Withdrawn   Damaged   VIVEKANANDA LIBRARY VIVEKANANDA LIBRARY 27/01/2010   342.54 P192C 88237 17/09/2023 Books Dewey Decimal Classification
        VIVEKANANDA LIBRARY VIVEKANANDA LIBRARY 27/01/2010 1 342.54 P192C 88337 05/11/2024 Books  
        VIVEKANANDA LIBRARY VIVEKANANDA LIBRARY 27/01/2010   342.54 P192C 88338 17/09/2023 Books  
        VIVEKANANDA LIBRARY VIVEKANANDA LIBRARY 27/01/2010   342.54 P192C 88339 17/09/2023 Books  
        VIVEKANANDA LIBRARY VIVEKANANDA LIBRARY 27/01/2010   342.54 P192C 88340 17/09/2023 Books  
Withdrawn   Damaged   VIVEKANANDA LIBRARY VIVEKANANDA LIBRARY 27/01/2010   342.54 P192C 88342 17/09/2023 Books Dewey Decimal Classification
        VIVEKANANDA LIBRARY VIVEKANANDA LIBRARY 27/01/2010   342.54 P192C 88343 17/09/2023 Books  
Withdrawn   Damaged   VIVEKANANDA LIBRARY VIVEKANANDA LIBRARY 27/01/2010   342.54 P192C 88344 17/09/2023 Books Dewey Decimal Classification
        VIVEKANANDA LIBRARY VIVEKANANDA LIBRARY 27/01/2010   342.54 P192C 88345 17/09/2023 Books  
        VIVEKANANDA LIBRARY VIVEKANANDA LIBRARY 27/01/2010 1 342.54 P192C 88346 02/04/2026 Books  
        VIVEKANANDA LIBRARY VIVEKANANDA LIBRARY 27/01/2010 1 342.54 P192C 88347 20/04/2026 Books  
        VIVEKANANDA LIBRARY VIVEKANANDA LIBRARY 27/01/2010   342.54 P192C 88348 17/09/2023 Books  
        VIVEKANANDA LIBRARY VIVEKANANDA LIBRARY 27/01/2010   342.54 P192C 88349 17/09/2023 Books  
        VIVEKANANDA LIBRARY VIVEKANANDA LIBRARY 27/01/2010   342.54 P192C 88350 17/09/2023 Books  
        VIVEKANANDA LIBRARY VIVEKANANDA LIBRARY 27/01/2010   342.54 P192C 88351 17/09/2023 Books  
© Designed and Maintained by Vivekananda Library, MDU Rohtak